Normal view
MARC view
- Mckeown, Patrick G
Entry Personal Name
001 - CONTROL NUMBER
- control field: 62818
003 - CONTROL NUMBER IDENTIFIER
- control field: NUST
005 - DATE AND TIME OF LATEST TRANSACTION
- control field: 20210628203013.0
008 - FIXED-LENGTH DATA ELEMENTS
- fixed length control field: 210628|| aca||aabn | a|a d
040 ## - CATALOGING SOURCE
- Original cataloging agency: NUST
- Transcribing agency: NUST
100 ## - HEADING--PERSONAL NAME
- Personal name: Mckeown, Patrick G
670 ## - SOURCE DATA FOUND
- Source citation: Work cat.: (NUST): Mckeown, Patrick G, Learning to program with visual basic.net, 2004
